| 000 | 00384 a2200157 4500 | ||
|---|---|---|---|
| 020 | _a9780099273974 | ||
| 040 |
_aDLC _bDLC |
||
| 082 | _a813.52 | ||
| 100 | _aHemingway, Ernest | ||
| 245 |
_aA farewell to arms _cErnest Hemingway |
||
| 260 |
_aLondon _bVintage _c1999. |
||
| 300 | _a293 p. | ||
| 650 | _aMilitary deserters | ||
| 700 | _aErnest Hemingway | ||
| 942 |
_cBK _k813.52 HEM _2ddc |
||
| 999 |
_c10799 _d10799 |
||